000 00348nam a2200133Ia 4500
008 230817s1965 xx 000 0 und d
041 _aeng
082 _a348048/CHA
100 _aChaitely DV
245 _aAll India Reporter -1965 Punjab,Rajsathan,Tripura
260 _aNagpur
_bThe All India Reporter
_c1965
300 _a48p
650 _aREPORTS
999 _c838928
_d838928